| 000 | 00421nam a2200181Ia 4500 | ||
|---|---|---|---|
| 005 | 20250603145637.0 | ||
| 008 | 250603s9999 xx 000 0 und d | ||
| 020 | _a9781032738185 | ||
| 050 | _aPN 3448 .H96 .B45/ | ||
| 100 | _aBell, Alice | ||
| 245 | 0 | _aReading digital fiction | |
| 260 | _aNew York | ||
| 260 | _bRoutledge | ||
| 260 | _c2024 | ||
| 300 | _a ix, 187p.: ill. | ||
| 650 | _aNew York | ||
| 942 | _cBK | ||
| 999 |
_c42438 _d42438 |
||